[Event "Counties Championship"]
[Site "Trident Park, Warwick"]
[Date "2016.07.02"]
[Round "2.1"]
[White "Ledger, Andrew"]
[Black "Bates, Richard"]
[Result "0-1"]
[BlackElo "225"]
[WhiteElo "230"]
[LiveChessVersion "1.4.8"]

1. e4 {[%clk 1:50:13]} c5 {[%clk 1:49:44]} 2. c3 {[%clk 1:50:17]} e6
{[%clk 1:47:51]} 3. d4 {[%clk 1:50:02]} d5 {[%clk 1:47:55]} 4. exd5
{[%clk 1:49:18]} exd5 {[%clk 1:47:32]} 5. Nf3 {[%clk 1:48:01]} Nf6
{[%clk 1:46:40]} 6. Be3 {[%clk 1:45:03]} c4 {[%clk 1:31:00]} 7. b3
{[%clk 1:41:39]} cxb3 {[%clk 1:31:06]} 8. axb3 {[%clk 1:41:40]} Nc6
{[%clk 1:27:52]} 9. Bd3 {[%clk 1:38:07]} Bd6 {[%clk 1:20:00]} 10. O-O
{[%clk 1:36:57]} h6 {[%clk 1:13:18]} 11. h3 {[%clk 1:32:50]} O-O {[%clk 1:12:48]}
12. Nbd2 {[%clk 1:26:51]} Be6 {[%clk 1:05:22]} 13. b4 {[%clk 1:17:15]} Qc8
{[%clk 0:59:47]} 14. Re1 {[%clk 1:12:02]} Bf5 {[%clk 0:52:05]} 15. Bf1
{[%clk 1:06:38]} Ne7 {[%clk 0:43:42]} 16. Qb3 {[%clk 0:53:51]} Ng6
{[%clk 0:41:53]} 17. c4 {[%clk 0:43:20]} dxc4 {[%clk 0:32:53]} 18. Nxc4
{[%clk 0:42:19]} Bc7 {[%clk 0:32:54]} 19. d5 {[%clk 0:28:01]} Nxd5
{[%clk 0:30:49]} 20. Bxa7 {[%clk 0:26:25]} Ngf4 {[%clk 0:23:24]} 21. Nd4
{[%clk 0:21:39]} Bg6 {[%clk 0:19:57]} 22. Bc5 {[%clk 0:21:01]} Rxa1
{[%clk 0:18:28]} 23. Rxa1 {[%clk 0:21:07]} Rd8 {[%clk 0:17:12]} 24. Nb5
{[%clk 0:19:14]} Bb8 {[%clk 0:15:27]} 25. Bd6 {[%clk 0:16:32]} Qe6
{[%clk 0:11:48]} 26. Bxb8 {[%clk 0:13:27]} Rxb8 {[%clk 0:11:53]} 27. Ncd6
{[%clk 0:09:52]} Qe5 {[%clk 0:09:46]} 28. Ra2 {[%clk 0:08:12]} Qe1
{[%clk 0:08:27]} 29. Qa3 {[%clk 0:04:44]} Bd3 {[%clk 0:04:53]} 30. Ra1
{[%clk 0:04:50]} Ne2+ {[%clk 0:04:43]} 31. Kh1 {[%clk 0:03:47]} Bb1
{[%clk 0:03:58]} 0-1

[Event "Counties Championship"]
[Site "Trident Park, Warwick"]
[Date "2016.07.02"]
[Round "2.2"]
[White "Batchelor, Peter"]
[Black "Gourlay, Iain"]
[Result "1/2-1/2"]
[BlackElo "234"]
[WhiteElo "221"]
[LiveChessVersion "1.4.8"]

1. d4 {[%clk 1:50:17]} d5 {[%clk 1:43:44]} 2. c4 {[%clk 1:50:16]} c6
{[%clk 1:40:56]} 3. Nf3 {[%clk 1:48:59]} Nf6 {[%clk 1:40:43]} 4. Nc3
{[%clk 1:48:38]} dxc4 {[%clk 1:40:33]} 5. a4 {[%clk 1:47:53]} Bf5
{[%clk 1:40:18]} 6. e3 {[%clk 1:46:44]} e6 {[%clk 1:39:58]} 7. a5
{[%clk 1:45:13]} Bb4 {[%clk 1:39:24]} 8. Qa4 {[%clk 1:44:53]} Qe7
{[%clk 1:39:00]} 9. Bxc4 {[%clk 1:44:12]} Nbd7 {[%clk 1:38:09]} 10. Qb3
{[%clk 1:42:23]} Rb8 {[%clk 1:18:49]} 11. O-O {[%clk 1:34:53]} O-O
{[%clk 1:11:06]} 12. Nh4 {[%clk 1:32:18]} Bd6 {[%clk 0:53:26]} 13. Nxf5
{[%clk 1:21:55]} exf5 {[%clk 0:53:16]} 14. g3 {[%clk 1:20:23]} h5
{[%clk 0:47:40]} 15. Rd1 {[%clk 1:17:09]} h4 {[%clk 0:45:35]} 16. d5
{[%clk 1:11:39]} Ng4 {[%clk 0:39:24]} 17. Be2 {[%clk 0:59:18]} g6
{[%clk 0:24:27]} 18. Qa4 {[%clk 0:50:22]} Nc5 {[%clk 0:21:23]} 19. Qc4
{[%clk 0:45:14]} hxg3 {[%clk 0:20:05]} 20. hxg3 {[%clk 0:43:47]} Ne5
{[%clk 0:20:06]} 21. Qh4 {[%clk 0:39:54]} Qxh4 {[%clk 0:18:43]} 22. gxh4
{[%clk 0:40:01]} Nb3 {[%clk 0:15:31]} 23. Ra4 {[%clk 0:37:13]} Rfd8
{[%clk 0:12:27]} 24. f4 {[%clk 0:23:39]} Nd7 {[%clk 0:07:36]} 25. dxc6
{[%clk 0:19:25]} Ndc5 {[%clk 0:07:16]} 26. Rb4 {[%clk 0:13:46]} Nxc1
{[%clk 0:06:46]} 27. Rxc1 {[%clk 0:13:51]} bxc6 {[%clk 0:06:34]} 28. Rxb8
{[%clk 0:06:58]} Rxb8 {[%clk 0:06:19]} 1/2-1/2

[Event "Counties Championship"]
[Site "Trident Park, Warwick"]
[Date "2016.07.02"]
[Round "2.3"]
[White "Webb, Matthew"]
[Black "Eames, Robert"]
[Result "1-0"]
[BlackElo "216"]
[WhiteElo "237"]
[LiveChessVersion "1.4.8"]

1. e4 {[%clk 1:50:17]} e5 {[%clk 1:50:09]} 2. Nf3 {[%clk 1:49:19]} Nc6
{[%clk 1:50:06]} 3. Bc4 {[%clk 1:48:42]} Bc5 {[%clk 1:49:44]} 4. b4
{[%clk 1:45:23]} Bxb4 {[%clk 1:49:18]} 5. c3 {[%clk 1:45:28]} Be7
{[%clk 1:48:20]} 6. d4 {[%clk 1:43:52]} Na5 {[%clk 1:47:38]} 7. Bd3
{[%clk 1:42:03]} d6 {[%clk 1:46:10]} 8. dxe5 {[%clk 1:42:08]} dxe5
{[%clk 1:46:08]} 9. Nxe5 {[%clk 1:41:21]} Nf6 {[%clk 1:45:50]} 10. O-O
{[%clk 1:40:16]} O-O {[%clk 1:45:14]} 11. Qc2 {[%clk 1:40:22]} c5
{[%clk 1:39:21]} 12. Nd2 {[%clk 1:39:24]} Qc7 {[%clk 1:38:00]} 13. f4
{[%clk 1:38:07]} Be6 {[%clk 1:35:02]} 14. Ndf3 {[%clk 1:36:34]} c4
{[%clk 1:32:18]} 15. Be2 {[%clk 1:35:58]} Ng4 {[%clk 1:24:58]} 16. Nxg4
{[%clk 1:34:22]} Bxg4 {[%clk 1:24:56]} 17. Be3 {[%clk 1:34:23]} Bc5
{[%clk 1:22:55]} 18. Nd4 {[%clk 1:34:23]} Bxe2 {[%clk 1:22:03]} 19. Qxe2
{[%clk 1:34:27]} Rfe8 {[%clk 1:19:41]} 20. e5 {[%clk 1:31:41]} g6
{[%clk 1:16:34]} 21. Qf2 {[%clk 1:29:34]} Bxd4 {[%clk 1:11:46]} 22. cxd4
{[%clk 1:29:32]} Rad8 {[%clk 1:10:13]} 23. f5 {[%clk 1:28:00]} Nc6
{[%clk 1:08:57]} 24. Qh4 {[%clk 1:22:01]} Nb4 {[%clk 0:53:53]} 25. f6
{[%clk 1:19:28]} Kh8 {[%clk 0:52:18]} 26. Qh6 {[%clk 1:19:31]} Rg8
{[%clk 0:52:22]} 27. Rf3 {[%clk 1:19:36]} g5 {[%clk 0:52:21]} 28. Rh3
{[%clk 1:19:25]} 1-0

[Event "Counties Championship"]
[Site "Trident Park, Warwick"]
[Date "2016.07.02"]
[Round "2.4"]
[White "Dybowski, Jerzy"]
[Black "Palliser, Richard"]
[Result "0-1"]
[BlackElo "218"]
[WhiteElo "199"]
[LiveChessVersion "1.4.8"]

1. d4 {[%clk 1:50:18]} Nf6 {[%clk 1:50:15]} 2. c4 {[%clk 1:49:54]} e6
{[%clk 1:49:14]} 3. Nf3 {[%clk 1:49:43]} c5 {[%clk 1:48:12]} 4. g3
{[%clk 1:45:47]} cxd4 {[%clk 1:47:32]} 5. Bg2 {[%clk 1:43:10]} e5
{[%clk 1:44:23]} 6. O-O {[%clk 1:42:44]} Nc6 {[%clk 1:44:01]} 7. a3
{[%clk 1:36:58]} d6 {[%clk 1:35:48]} 8. e3 {[%clk 1:33:19]} dxe3 {[%clk 1:35:14]}
9. Bxe3 {[%clk 1:28:08]} Be7 {[%clk 1:34:33]} 10. Nc3 {[%clk 1:26:44]} Be6
{[%clk 1:27:30]} 11. Nd5 {[%clk 1:23:43]} O-O {[%clk 1:24:31]} 12. Rc1
{[%clk 1:20:56]} Rc8 {[%clk 1:18:49]} 13. b4 {[%clk 1:15:30]} Ng4
{[%clk 1:06:29]} 14. Bd2 {[%clk 1:08:11]} e4 {[%clk 1:05:33]} 15. Ne1
{[%clk 0:52:36]} f5 {[%clk 1:00:37]} 16. f3 {[%clk 0:47:04]} Bxd5
{[%clk 0:41:21]} 17. fxg4 {[%clk 0:41:44]} Be6 {[%clk 0:40:42]} 18. gxf5
{[%clk 0:41:45]} Bxf5 {[%clk 0:40:10]} 19. Rxf5 {[%clk 0:34:41]} Rxf5
{[%clk 0:40:17]} 20. Bxe4 {[%clk 0:34:34]} Re5 {[%clk 0:26:59]} 21. Bd5+
{[%clk 0:30:08]} Rxd5 {[%clk 0:16:19]} 22. cxd5 {[%clk 0:30:09]} Ne5
{[%clk 0:16:24]} 23. Rxc8 {[%clk 0:25:19]} Qxc8 {[%clk 0:16:32]} 24. Qe2
{[%clk 0:25:15]} Qc4 {[%clk 0:16:13]} 25. Qxc4 {[%clk 0:22:44]} Nxc4
{[%clk 0:16:21]} 26. Bc1 {[%clk 0:22:36]} a6 {[%clk 0:12:53]} 27. Kf2
{[%clk 0:21:18]} Nb6 {[%clk 0:12:48]} 28. Ke3 {[%clk 0:20:31]} Nxd5+
{[%clk 0:12:55]} 29. Kd4 {[%clk 0:20:33]} Nc7 {[%clk 0:12:44]} 30. a4
{[%clk 0:20:18]} Kf7 {[%clk 0:11:20]} 31. Nd3 {[%clk 0:19:33]} Bf6+
{[%clk 0:10:55]} 32. Ke4 {[%clk 0:18:44]} d5+ {[%clk 0:10:30]} 33. Kf3
{[%clk 0:17:56]} Ne6 {[%clk 0:09:27]} 34. Be3 {[%clk 0:16:33]} Ke7
{[%clk 0:08:56]} 35. h4 {[%clk 0:15:13]} Kd6 {[%clk 0:08:52]} 36. h5
{[%clk 0:14:05]} d4 {[%clk 0:08:30]} 37. Bd2 {[%clk 0:12:50]} Kd5
{[%clk 0:08:36]} 38. h6 {[%clk 0:12:27]} gxh6 {[%clk 0:08:01]} 39. Bxh6
{[%clk 0:12:28]} Bg5 {[%clk 0:05:28]} 40. Bxg5 {[%clk 0:10:10]} Nxg5+
{[%clk 0:05:36]} 41. Kf4 {[%clk 0:09:48]} Nf7 {[%clk 0:05:06]} 42. Nb2
{[%clk 0:07:12]} b6 {[%clk 0:24:26]} 43. Kf5 {[%clk 0:31:23]} Nd6+
{[%clk 0:24:28]} 44. Kg5 {[%clk 0:30:07]} Ne4+ {[%clk 0:24:04]} 45. Kf4
{[%clk 0:30:11]} a5 {[%clk 0:21:34]} 46. bxa5 {[%clk 0:29:01]} bxa5
{[%clk 0:21:38]} 47. g4 {[%clk 0:29:05]} Nd6 {[%clk 0:13:38]} 48. g5
{[%clk 0:29:04]} Nf7 {[%clk 0:11:31]} 49. Kf5 {[%clk 0:27:58]} Ne5
{[%clk 0:11:23]} 50. Kf6 {[%clk 0:26:22]} Nf3 {[%clk 0:11:16]} 51. g6
{[%clk 0:25:59]} hxg6 {[%clk 0:11:22]} 52. Kxg6 {[%clk 0:26:08]} Ne5+
{[%clk 0:08:03]} 53. Kf5 {[%clk 0:25:55]} d3 {[%clk 0:08:11]} 54. Nd1
{[%clk 0:23:00]} Kd4 {[%clk 0:08:07]} 55. Ke6 {[%clk 0:23:06]} Nc4
{[%clk 0:08:14]} 56. Kd7 {[%clk 0:22:47]} Nb6+ {[%clk 0:07:20]} 57. Kc6
{[%clk 0:22:51]} Nxa4 {[%clk 0:07:28]} 0-1

[Event "Counties Championship"]
[Site "Trident Park, Warwick"]
[Date "2016.07.02"]
[Round "2.5"]
[White "Gantner, Matthias"]
[Black "Stanisz, Patryk"]
[Result "1-0"]
[BlackElo "198"]
[WhiteElo "212"]
[LiveChessVersion "1.4.8"]

1. e4 {[%clk 1:50:17]} c5 {[%clk 1:50:12]} 2. Nf3 {[%clk 1:50:21]} Nc6
{[%clk 1:50:15]} 3. d4 {[%clk 1:50:25]} cxd4 {[%clk 1:50:20]} 4. Nxd4
{[%clk 1:50:31]} Nf6 {[%clk 1:50:22]} 5. Nc3 {[%clk 1:50:37]} e5 {[%clk 1:50:24]}
6. Ndb5 {[%clk 1:50:38]} d6 {[%clk 1:50:26]} 7. Bg5 {[%clk 1:50:43]} a6
{[%clk 1:50:30]} 8. Na3 {[%clk 1:50:39]} b5 {[%clk 1:50:33]} 9. Bxf6
{[%clk 1:49:38]} gxf6 {[%clk 1:50:41]} 10. Nd5 {[%clk 1:49:38]} Bg7
{[%clk 1:50:46]} 11. g3 {[%clk 1:46:00]} Ne7 {[%clk 1:49:09]} 12. Bg2
{[%clk 1:44:53]} O-O {[%clk 1:44:53]} 13. c3 {[%clk 1:43:52]} Bb7
{[%clk 1:40:31]} 14. Nxe7+ {[%clk 1:42:08]} Qxe7 {[%clk 1:40:33]} 15. O-O
{[%clk 1:41:30]} f5 {[%clk 1:00:31]} 16. exf5 {[%clk 1:40:16]} d5
{[%clk 1:00:31]} 17. Qg4 {[%clk 1:36:09]} Rad8 {[%clk 0:56:40]} 18. Rad1
{[%clk 1:29:56]} Kh8 {[%clk 0:54:42]} 19. Nc2 {[%clk 1:28:35]} Rg8
{[%clk 0:50:18]} 20. Rfe1 {[%clk 1:12:29]} Bf6 {[%clk 0:35:54]} 21. Qb4
{[%clk 1:10:36]} Qd7 {[%clk 0:33:03]} 22. a4 {[%clk 1:02:36]} Be7
{[%clk 0:20:10]} 23. Qb3 {[%clk 0:59:35]} bxa4 {[%clk 0:19:01]} 24. Qb6
{[%clk 0:55:37]} Bc6 {[%clk 0:11:13]} 25. Rxe5 {[%clk 0:48:18]} Rb8
{[%clk 0:09:53]} 26. Qe3 {[%clk 0:45:30]} Bf6 {[%clk 0:09:20]} 27. Nb4
{[%clk 0:43:34]} Ba8 {[%clk 0:03:54]} 28. Nxd5 {[%clk 0:28:09]} Rxb2
{[%clk 0:03:11]} 29. Re1 {[%clk 0:26:43]} Bxd5 {[%clk 0:03:13]} 30. Rxd5
{[%clk 0:26:33]} Qc7 {[%clk 0:02:57]} 31. Rc5 {[%clk 0:26:14]} Qd7
{[%clk 0:02:58]} 32. Rc6 {[%clk 0:22:41]} Bd8 {[%clk 0:01:37]} 33. Rxa6
{[%clk 0:21:41]} Qxf5 {[%clk 0:01:36]} 34. Qd4+ {[%clk 0:20:16]} f6
{[%clk 0:01:35]} 35. Rd6 {[%clk 0:18:07]} Rb1 {[%clk 0:01:03]} 36. Rf1
{[%clk 0:15:48]} Rxf1+ {[%clk 0:01:10]} 37. Bxf1 {[%clk 0:15:47]} Be7
{[%clk 0:01:10]} 38. Rd7 {[%clk 0:15:04]} Bc5 {[%clk 0:00:58]} 39. Bd3
{[%clk 0:14:31]} Qxd7 {[%clk 0:00:12]} 40. Qxd7 {[%clk 0:14:32]} 1-0

[Event "Counties Championship"]
[Site "Trident Park, Warwick"]
[Date "2016.07.02"]
[Round "2.6"]
[White "Ilfeld, Etan"]
[Black "Townsend, M Paul"]
[Result "1/2-1/2"]
[BlackElo "205"]
[WhiteElo "198"]
[LiveChessVersion "1.4.8"]

1. e4 {[%clk 1:41:16]} e6 {[%clk 1:49:28]} 2. d4 {[%clk 1:41:18]} d5
{[%clk 1:49:32]} 3. e5 {[%clk 1:41:09]} c5 {[%clk 1:49:16]} 4. c3
{[%clk 1:41:17]} Nc6 {[%clk 1:49:00]} 5. Nf3 {[%clk 1:41:22]} Bd7
{[%clk 1:48:42]} 6. a3 {[%clk 1:39:50]} c4 {[%clk 1:48:11]} 7. Be3
{[%clk 1:22:34]} Na5 {[%clk 1:37:18]} 8. Nbd2 {[%clk 1:22:13]} Bc6
{[%clk 1:37:01]} 9. Be2 {[%clk 1:16:50]} Qd7 {[%clk 1:36:15]} 10. a4
{[%clk 1:06:23]} Ne7 {[%clk 1:35:45]} 11. O-O {[%clk 1:03:35]} Nc8
{[%clk 1:31:30]} 12. Qc2 {[%clk 0:58:10]} Nb6 {[%clk 1:30:35]} 13. Bd1
{[%clk 0:58:00]} Be7 {[%clk 1:26:35]} 14. Bg5 {[%clk 0:46:14]} f6
{[%clk 1:16:32]} 15. exf6 {[%clk 0:42:00]} gxf6 {[%clk 1:16:36]} 16. Bf4
{[%clk 0:36:23]} O-O-O {[%clk 1:08:46]} 17. b4 {[%clk 0:30:38]} cxb3
{[%clk 1:08:43]} 18. Nxb3 {[%clk 0:30:19]} Nbc4 {[%clk 1:01:23]} 19. Nxa5
{[%clk 0:29:49]} Nxa5 {[%clk 1:01:25]} 20. Re1 {[%clk 0:26:11]} Bd6
{[%clk 0:58:58]} 21. Bxd6 {[%clk 0:25:03]} Qxd6 {[%clk 0:59:05]} 22. Qe2
{[%clk 0:19:35]} Rde8 {[%clk 0:57:43]} 23. Bc2 {[%clk 0:19:28]} Qf4
{[%clk 0:39:56]} 24. Bd3 {[%clk 0:15:54]} Re7 {[%clk 0:23:58]} 25. Bb5
{[%clk 0:15:45]} Bxb5 {[%clk 0:19:29]} 26. axb5 {[%clk 0:14:20]} b6
{[%clk 0:19:15]} 27. Nd2 {[%clk 0:09:15]} Kb8 {[%clk 0:17:47]} 28. g3
{[%clk 0:08:43]} Qc7 {[%clk 0:16:42]} 29. Rec1 {[%clk 0:08:19]} Rc8
{[%clk 0:14:41]} 30. Ra4 {[%clk 0:08:18]} Qd6 {[%clk 0:09:25]} 31. Qf3
{[%clk 0:07:25]} 1/2-1/2

[Event "Counties Championship"]
[Site "Trident Park, Warwick"]
[Date "2016.07.02"]
[Round "2.8"]
[White "Smith, Andrew"]
[Black "Nelson, Jonathan P"]
[Result "0-1"]
[BlackElo "195"]
[WhiteElo "195"]
[LiveChessVersion "1.4.8"]

1. e4 {[%clk 1:42:29]} e6 {[%clk 1:50:04]} 2. d4 {[%clk 1:41:35]} d5
{[%clk 1:50:10]} 3. e5 {[%clk 1:40:54]} c5 {[%clk 1:50:14]} 4. Qg4
{[%clk 1:40:40]} h5 {[%clk 1:40:35]} 5. Qh3 {[%clk 1:32:18]} Nc6 {[%clk 1:38:39]}
6. Nf3 {[%clk 1:32:06]} Bd7 {[%clk 1:37:59]} 7. Be2 {[%clk 1:23:22]} Nxd4
{[%clk 1:28:47]} 8. Nxd4 {[%clk 1:23:03]} cxd4 {[%clk 1:28:54]} 9. O-O
{[%clk 1:08:22]} Ne7 {[%clk 1:23:30]} 10. Bd3 {[%clk 0:59:40]} Nc6
{[%clk 1:20:35]} 11. Re1 {[%clk 0:57:17]} Qc7 {[%clk 1:10:09]} 12. Bf4
{[%clk 0:51:30]} O-O-O {[%clk 1:08:22]} 13. c3 {[%clk 0:51:08]} Be7
{[%clk 0:59:53]} 14. cxd4 {[%clk 0:45:40]} g5 {[%clk 0:58:13]} 15. Bd2
{[%clk 0:33:04]} f5 {[%clk 0:35:58]} 16. Nc3 {[%clk 0:27:01]} f4 {[%clk 0:32:15]}
17. Qf3 {[%clk 0:26:14]} Nxd4 {[%clk 0:31:30]} 18. Qd1 {[%clk 0:26:16]} Kb8
{[%clk 0:29:20]} 19. b4 {[%clk 0:25:16]} Rc8 {[%clk 0:21:35]} 20. a4
{[%clk 0:23:33]} Qd8 {[%clk 0:17:56]} 21. Rb1 {[%clk 0:20:58]} Qf8
{[%clk 0:17:16]} 22. b5 {[%clk 0:18:36]} h4 {[%clk 0:13:04]} 23. b6
{[%clk 0:08:48]} h3 {[%clk 0:12:25]} 24. bxa7+ {[%clk 0:06:34]} Ka8
{[%clk 0:12:33]} 25. a5 {[%clk 0:04:02]} hxg2 {[%clk 0:08:47]} 26. Qg4
{[%clk 0:03:09]} Rh4 {[%clk 0:05:40]} 27. Qxg2 {[%clk 0:03:05]} g4
{[%clk 0:05:49]} 28. a6 {[%clk 0:01:33]} Bc6 {[%clk 0:04:07]} 29. axb7+
{[%clk 0:01:20]} Bxb7 {[%clk 0:04:14]} 30. Rxb7 {[%clk 0:00:33]} Nf3+
{[%clk 0:03:49]} 31. Kf1 {[%clk 0:00:42]} Nxd2+ {[%clk 0:03:42]} 32. Kg1
{[%clk 0:00:41]} Nf3+ {[%clk 0:03:42]} 33. Kf1 {[%clk 0:00:50]} Nxh2+
{[%clk 0:02:53]} 34. Kg1 {[%clk 0:00:54]} Nf3+ {[%clk 0:02:50]} 35. Kf1
{[%clk 0:01:03]} Nxe1 {[%clk 0:02:35]} 36. Kxe1 {[%clk 0:01:03]} Kxb7
{[%clk 0:02:20]} 37. Nxd5 {[%clk 0:00:28]} f3 {[%clk 0:02:16]} 38. Ba6+
{[%clk 0:00:35]} Kxa7 {[%clk 0:02:09]} 39. Qf1 {[%clk 0:00:37]} Rc1+
{[%clk 0:02:03]} 0-1

[Event "Counties Championship"]
[Site "Trident Park, Warwick"]
[Date "2016.07.02"]
[Round "2.9"]
[White "Barry, Colm"]
[Black "Manelidou, Maria"]
[Result "0-1"]
[BlackElo "194"]
[WhiteElo "210"]
[LiveChessVersion "1.4.8"]

1. e4 {[%clk 1:50:13]} e5 {[%clk 1:50:10]} 2. Nf3 {[%clk 1:50:05]} Nc6
{[%clk 1:50:10]} 3. Be2 {[%clk 1:49:07]} Bc5 {[%clk 1:48:32]} 4. d3
{[%clk 1:41:58]} Nf6 {[%clk 1:47:52]} 5. c3 {[%clk 1:41:24]} d5 {[%clk 1:45:46]}
6. Nbd2 {[%clk 1:40:59]} dxe4 {[%clk 1:40:58]} 7. dxe4 {[%clk 1:40:49]} O-O
{[%clk 1:39:19]} 8. b4 {[%clk 1:34:11]} Bb6 {[%clk 1:34:58]} 9. O-O
{[%clk 1:31:00]} a6 {[%clk 1:27:29]} 10. Qc2 {[%clk 1:29:25]} Ba7
{[%clk 1:20:07]} 11. Nc4 {[%clk 1:26:51]} Qe7 {[%clk 1:16:46]} 12. Bg5
{[%clk 1:22:53]} Bg4 {[%clk 1:10:48]} 13. Ne3 {[%clk 1:16:50]} Bxe3
{[%clk 1:09:11]} 14. fxe3 {[%clk 1:11:14]} Qe6 {[%clk 1:05:05]} 15. Bxf6
{[%clk 0:58:07]} Qxf6 {[%clk 1:00:09]} 16. Nxe5 {[%clk 0:46:12]} Qxe5
{[%clk 1:00:05]} 17. Bxg4 {[%clk 0:46:15]} Qg5 {[%clk 0:57:14]} 18. Qe2
{[%clk 0:45:12]} Qe5 {[%clk 0:54:46]} 19. Rac1 {[%clk 0:43:14]} Qxe4
{[%clk 0:53:16]} 20. Rf4 {[%clk 0:38:13]} Qe7 {[%clk 0:50:15]} 21. Bf3
{[%clk 0:36:37]} Qe6 {[%clk 0:42:09]} 22. Re4 {[%clk 0:29:59]} Qh6
{[%clk 0:40:00]} 23. Re1 {[%clk 0:20:23]} Rad8 {[%clk 0:36:33]} 24. Qc4
{[%clk 0:17:46]} Rd6 {[%clk 0:33:51]} 25. a4 {[%clk 0:17:09]} Qg5
{[%clk 0:32:10]} 26. Rg4 {[%clk 0:11:58]} Qe7 {[%clk 0:29:02]} 27. Bxc6
{[%clk 0:07:59]} Rxc6 {[%clk 0:28:38]} 28. Qd4 {[%clk 0:07:46]} f5
{[%clk 0:26:26]} 29. Rf4 {[%clk 0:06:33]} g6 {[%clk 0:16:53]} 30. Qd5+
{[%clk 0:04:42]} Rf7 {[%clk 0:14:24]} 31. e4 {[%clk 0:03:28]} Rxc3
{[%clk 0:12:04]} 32. Ref1 {[%clk 0:03:19]} Qxb4 {[%clk 0:05:32]} 33. exf5
{[%clk 0:03:00]} Qc5+ {[%clk 0:03:00]} 34. Qxc5 {[%clk 0:03:05]} Rxc5
{[%clk 0:03:06]} 35. fxg6 {[%clk 0:03:10]} Rxf4 {[%clk 0:03:11]} 36. gxh7+
{[%clk 0:03:18]} Kxh7 {[%clk 0:03:11]} 37. Rxf4 {[%clk 0:03:26]} Kg6
{[%clk 0:01:38]} 38. h4 {[%clk 0:03:27]} b5 {[%clk 0:01:15]} 39. Kf2
{[%clk 0:03:26]} Rc2+ {[%clk 0:01:03]} 40. Kf3 {[%clk 0:02:58]} c5
{[%clk 0:00:58]} 41. g4 {[%clk 0:01:49]} b4 {[%clk 0:22:58]} 42. h5+
{[%clk 0:21:44]} Kg7 {[%clk 0:20:26]} 43. g5 {[%clk 0:18:54]} b3 {[%clk 0:16:10]}
44. g6 {[%clk 0:14:48]} b2 {[%clk 0:12:00]} 45. Rf7+ {[%clk 0:14:28]} Kh6
{[%clk 0:11:14]} 46. Rh7+ {[%clk 0:14:20]} Kg5 {[%clk 0:11:20]} 47. g7
{[%clk 0:14:19]} Rc3+ {[%clk 0:11:12]} 48. Ke2 {[%clk 0:11:32]} Rc2+
{[%clk 0:09:00]} 49. Kd3 {[%clk 0:10:58]} b1=Q {[%clk 0:08:50]} 50. g8=Q+
{[%clk 0:10:51]} Kh4 {[%clk 0:08:45]} 51. Qd8+ {[%clk 0:08:39]} Kh3
{[%clk 0:08:44]} 52. Qd7+ {[%clk 0:08:00]} Kh2 53. Qc7+ {[%clk 0:07:07]} Kg1
{[%clk 0:07:02]} 54. Rg7+ {[%clk 0:04:28]} Kf1 {[%clk 0:04:08]} 55. Ke4
{[%clk 0:03:36]} Rg2+ {[%clk 0:03:31]} 56. Kf4 {[%clk 0:00:54]} Qc1+
{[%clk 0:03:05]} 57. Kf5 {[%clk 0:00:52]} Qc2+ {[%clk 0:02:41]} 58. Ke6
{[%clk 0:00:58]} Qe4+ {[%clk 0:02:21]} 59. Kf7 {[%clk 0:01:07]} Qd5+
{[%clk 0:01:53]} 60. Kf8 {[%clk 0:00:56]} Qa8+ {[%clk 0:01:35]} 61. Kf7
{[%clk 0:00:56]} Rf2+ {[%clk 0:00:58]} 62. Kg6 {[%clk 0:00:33]} Qe4+
{[%clk 0:00:58]} 63. Kg5 {[%clk 0:00:28]} Rf5+ {[%clk 0:00:51]} 64. Kg6
{[%clk 0:00:33]} Re5+ {[%clk 0:00:41]} 65. Kh6 {[%clk 0:00:18]} Re6+
{[%clk 0:00:28]} 66. Kg5 {[%clk 0:00:27]} Re5+ {[%clk 0:00:19]} 67. Kh6
{[%clk 0:00:32]} Qf4+ {[%clk 0:00:20]} 68. Kh7 {[%clk 0:00:28]} Qe4+
{[%clk 0:00:23]} 69. Kh8 {[%clk 0:00:16]} Rxh5+ 70. Rh7 {[%clk 0:00:19]} Qe8+
{[%clk 0:00:25]} 71. Kg7 {[%clk 0:00:28]} Rg5+ {[%clk 0:00:27]} 72. Kf6
{[%clk 0:00:36]} Qg6+ {[%clk 0:00:36]} 73. Ke7 {[%clk 0:00:44]} Qxh7+
{[%clk 0:00:44]} 74. Kd6 {[%clk 0:00:53]} 0-1